000 002900000a22000970004500
100 1 _aFraser, David A.
245 1 0 _aFrontier Missions : Apostleship of the abnormally born
300 _aVol. 3, Núm 4 (1986), Páginas 3-12
773 0 _tInternational Journal of Frontier Misions
942 _cANA
999 _c55060
_d55060